| 000 | 01083nam a2200229Ia 4500 | ||
|---|---|---|---|
| 003 | OSt | ||
| 005 | 20241119092601.0 | ||
| 007 | ca aa aaaaa | ||
| 008 | 201103s9999 xx 000 0 und d | ||
| 040 | _cSSBUL | ||
| 041 | _abur | ||
| 082 |
_223 _a၂၉၄.၃၆၁ ဓမ် _b၉၃၀၇ S-SAT |
||
| 100 |
_a ဓမ္မဒေသနာဖြန့်ချီရေးအဖွဲ့ _917399 |
||
| 245 | 0 |
_aမဟာစည်ဓမ္မဒေသနာဆောင်ပုဒ်များ / _cဓမ္မဒေသနာဖြန့်ချီရေးအဖွဲ့။ |
|
| 250 | _a ပဥ္စမအကြိမ်။ | ||
| 260 |
_aရန်ကုန် ၊ _bရွှေဂုံတိုင်စာတိုက်၊ _c၁၉၆၈။ |
||
| 300 |
_aစ၊ ၁၁၃ စာမျက်နှာ ၊ _c၁၈ စင်တီ။ |
||
| 500 | _aS-SAT: Dr Sai Aung Tun Collection | ||
| 650 |
_aဗုဒ္ဓဘာသာ _xတရားတော် _955309 |
||
| 650 |
_aဗုဒ္ဓဘာသာ _xဆောင်ပုဒ်များ _955311 |
||
| 942 |
_2ddc _cBK1 |
||
| 999 |
_c16816 _d16816 |
||